History Quiz

Random History or Classical Quiz
Score 0/19 Timer 04:00
0 Plays Today
Questions Answers % Correct
????
100%
????
81.9%
????
61.2%
????
55.2%
????
50%
????
48.3%
????
42.2%
????
31%
????
28.4%
????
23.3%
Questions Answers % Correct
????
22.4%
????
20.7%
????
20.7%
????
20.7%
????
19%
????
18.1%
????
13.8%
????
12.1%
????
7.8%
Remove Ads.
Support Sporcle.
Get the best of Sporcle when you Go Orange. This ad-free experience offers more features, more stats, and more fun while also helping to support Sporcle. Thank you for becoming a member.

You're not logged in!

Compare scores with friends on all Sporcle quizzes.
OR
Log In

Show Comments

Extras

Created Oct 27, 2010ReportNominate
Tags:Classical Quiz, factor

Top Quizzes Today


Score Distribution

Your Account Isn't Verified!

In order to create a playlist on Sporcle, you need to verify the email address you used during registration. Go to your Sporcle Settings to finish the process.

Report this User

Report this user for behavior that violates our Community Guidelines.

Details: